000 00467nam a2200181Ia 4500
005 20250326143643.0
008 250326s9999 xx 000 0 und d
037 _aTextbook
040 _aFMSL
_beng
_cFMSL
041 _aeng
_2eng
084 _aX:8g P1
_qFMSL
100 _aWARWICK
245 0 _aOrganizational studies
_cWARWICK
260 _aLondon
_bLondon, Routledge
_c2001
300 _a1587p
942 _cTB
_hX:8g P1
999 _c1300442
_d1300442